000 00691nam a2200181Ia 4500
003 GCL
008 140319s9999 xx 000 0 ara d
040 _aGCL /
_cGCL
082 0 4 _a001.6424
_bع ا
100 1 _aعلى محمود بهلول
245 1 0 _aاستخدام قاعدة البيانات 4 ومنهج التطبيقات /
_cعلى محمود بهلول
260 _a[S.N] :
_bدار الكتب العلمية للنشر والتوزيع ،
_c1993
300 _a396 ص
490 _aسلسلة الكتب العلمية فى علوم الحاسب الالى
_v0
650 0 4 _aالحاسبات الالكترونية
650 0 4 _aقاعدة البيانات
942 _2ddc
_cBK
999 _c52813
_d52813